00426nam a2200181Ia 4500003000400000005001700004008004100021040000700062041001200069082001900081100001500100245003300115260004100148365001300189440000600202650001400208650002200222OSt20250726152535.0210423s1994 xx 000 0 und d cAL aEnglish a307.762 bSHAP aSharma S R aPanchayati raj and education aNew DelhibMittal Publicationsc1994 b325cINR v1 aSociology aUrban Communities